El hombre unidimensional: ensayo sobre la ideología de la sociedad industrial avanzada
Sábháilte in:
| Príomhchruthaitheoir: | |
|---|---|
| Formáid: | LEABHAR |
| Teanga: | Undetermined |
| Foilsithe / Cruthaithe: |
México, Distrito Federal
Joaquín Mortiz
1968
|
| Ábhair: | |
| Clibeanna: |
Cuir clib leis
Níl clibeanna ann, Bí ar an gcéad duine le clib a chur leis an taifead seo!
|
MARC
| LEADER | 00000nam a2200000Ia 4500 | ||
|---|---|---|---|
| 008 | 170316s9999 xx 000 0 und d | ||
| 040 | |a cru BVZT | ||
| 090 | |a 100 M-12h | ||
| 100 | |a Marcuse, Herbert | ||
| 245 | |a El hombre unidimensional: ensayo sobre la ideología de la sociedad industrial avanzada | ||
| 260 | |a México, Distrito Federal | ||
| 260 | |b Joaquín Mortiz | ||
| 260 | |c 1968 | ||
| 300 | |a 172 páginas | ||
| 520 | |b Una de las obras que mejor refleja el desarrollo de la teoría crítica en Marcuse. Problematiza las sociedades modernas industriales, al señalar que bajo una fachada política democrática operan mediante estructuras totalitaristas. Ha tenido una importante recepción en la llamada “nueva izquierda”, al criticar severamente estrategias represivas durante la Guerra Fría por parte del socialismo sovietico, como del capitalismo occidental. Se divide en dos desproporcionadas partes, la primera La sociedad unidimensional, que ocupa dos terceras partes del libro; La posibilidad de las alternativas es el la segunda sección que cierra el texto. | ||
| 650 | |a FILOSOFÍA |9 5 | ||
| 999 | |c 16897 |d 16897 | ||
| 942 | |c 4 D |h 100 M-12h |2 z | ||
